000 00938nam a2200253Ia 4500
003 OSt
005 20220923212341.0
006 a|||||r|||| 00| 0
007 ta
008 220922b |||||||| |||| 00| 0 hin d
024 _a152,309
037 _cTextual
040 _aARTS
_cARTS
_bhin
041 _2hin
_ahin
082 _aO122,2M62,ST, 152K3
100 _aमेटरलिंक, मारिस; प्रेमचन्द, अनु.
_9162389
245 0 _aशबे तार यानी अंधेरी रात
246 _aShabe tār yānī aandherī rāta
260 _aइलाहाबाद
_b हंस प्रकाशन
_c1963
300 _a67पृ.
_ccm.
650 _aहिन्दी साहित्य
_9156264
942 _hO122,2M62,ST, 152K3
_cTEXL
_2CC
999 _c307958
_d307958